<?xml version="1.0" encoding="UTF-8"?>
<record
    xmlns:xsi="http://www.w3.org/2001/XMLSchema-instance"
    xsi:schemaLocation="http://www.loc.gov/MARC21/slim http://www.loc.gov/standards/marcxml/schema/MARC21slim.xsd"
    xmlns="http://www.loc.gov/MARC21/slim">

  <leader>02387cam a22002895a 4500</leader>
  <datafield tag="999" ind1=" " ind2=" ">
    <subfield code="c">27232</subfield>
    <subfield code="d">27203</subfield>
  </datafield>
  <controlfield tag="001">19625852</controlfield>
  <controlfield tag="005">20190314101345.0</controlfield>
  <controlfield tag="008">170505t2017    xxk    frb    001 0 eng d</controlfield>
  <datafield tag="010" ind1=" " ind2=" ">
    <subfield code="a">  2017941913</subfield>
  </datafield>
  <datafield tag="020" ind1=" " ind2=" ">
    <subfield code="z">9781847203670</subfield>
  </datafield>
  <datafield tag="035" ind1=" " ind2=" ">
    <subfield code="a">(OCoLC)ocn986972762</subfield>
  </datafield>
  <datafield tag="040" ind1=" " ind2=" ">
    <subfield code="a">YDX</subfield>
    <subfield code="b">eng</subfield>
    <subfield code="c">YDX</subfield>
    <subfield code="d">BTCTA</subfield>
    <subfield code="d">CDX</subfield>
    <subfield code="d">OCLCO</subfield>
    <subfield code="d">DLC</subfield>
    <subfield code="d">EG-ScBUE</subfield>
  </datafield>
  <datafield tag="082" ind1="0" ind2="4">
    <subfield code="a">340.11</subfield>
    <subfield code="b">MET</subfield>
    <subfield code="2">22</subfield>
  </datafield>
  <datafield tag="245" ind1="0" ind2="0">
    <subfield code="a">Methodologies of law and economics /</subfield>
    <subfield code="c">edited by Thomas S. Ulen.</subfield>
  </datafield>
  <datafield tag="260" ind1=" " ind2=" ">
    <subfield code="a">Cheltenham, UK ;</subfield>
    <subfield code="a"> Northampton, MA, USA :</subfield>
    <subfield code="b">Edward Elgar Publishing,</subfield>
    <subfield code="c">c.2017.</subfield>
  </datafield>
  <datafield tag="300" ind1=" " ind2=" ">
    <subfield code="a">vi, 285 p. ;</subfield>
    <subfield code="c">25 cm.</subfield>
  </datafield>
  <datafield tag="490" ind1="0" ind2=" ">
    <subfield code="a">Encyclopedia of law and economics (2nd ed.) ;</subfield>
    <subfield code="v">10</subfield>
  </datafield>
  <datafield tag="504" ind1=" " ind2=" ">
    <subfield code="a">Includes bibliographical references and index.</subfield>
  </datafield>
  <datafield tag="505" ind1="0" ind2=" ">
    <subfield code="a">The changing methodologies of law and economics / Thomas S. Ulen -- The use of eonomics for understanding law : an economist's view of the cathedral / Thomas J. Miceli -- A public choice perspective / Maxwell L. Stearns -- A social choice view of law and economics / Maxwell L. Stearns and Megan J. McGinnis -- Legal philosophy and law and economics / Horacio Spector -- Economic analysis of legal history / Daniel Klerman -- Evolutionary dynamics theory and method / Daria Roithmayr -- A law and economics perspective on legal families / Nuno Garoupa and Mariana Pargendler -- Behavioral law and economics / Thomas S. Ulen -- Empirical law and economics / Thomas S. Ulen.</subfield>
  </datafield>
  <datafield tag="520" ind1=" " ind2=" ">
    <subfield code="a">"When law and economics first became an important part of the legal academy, it was a relatively straightforward application of microeconomic theory to legal issues. However, in the past 40 years the field has expanded its toolkit dramatically. This...[book] maps the methodological territory in law and economics with a series of entries by distinguished scholars. These entries introduce and evaluate the law and economics mechanisms, including: the roles of microeconomic theory, public and social choice, history, complexity theory, philosophy, comparative law studies, behavioral economics and empirical techniques. Each one introduces a methodology, demonstrates its importance to the field of law and economics and assists the reader in navigating the leading literature on that topic."</subfield>
  </datafield>
  <datafield tag="650" ind1=" " ind2="7">
    <subfield code="a">Law and economics.</subfield>
    <subfield code="2">BUEsh</subfield>
    <subfield code="9">35740</subfield>
  </datafield>
  <datafield tag="651" ind1=" " ind2=" ">
    <subfield code="2">BUEsh</subfield>
  </datafield>
  <datafield tag="653" ind1=" " ind2=" ">
    <subfield code="b">LLAAWW</subfield>
    <subfield code="c">March2019</subfield>
  </datafield>
  <datafield tag="655" ind1=" " ind2=" ">
    <subfield code="v">Reading book</subfield>
  </datafield>
  <datafield tag="700" ind1="1" ind2=" ">
    <subfield code="a">Ulen, Thomas,</subfield>
    <subfield code="e">editor.</subfield>
    <subfield code="9">41420</subfield>
  </datafield>
  <datafield tag="942" ind1=" " ind2=" ">
    <subfield code="2">ddc</subfield>
  </datafield>
  <datafield tag="952" ind1=" " ind2=" ">
    <subfield code="0">0</subfield>
    <subfield code="1">0</subfield>
    <subfield code="2">ddc</subfield>
    <subfield code="4">0</subfield>
    <subfield code="7">0</subfield>
    <subfield code="8">Baccah</subfield>
    <subfield code="a">MAIN</subfield>
    <subfield code="b">MAIN</subfield>
    <subfield code="c">1ST</subfield>
    <subfield code="d">2019-03-14</subfield>
    <subfield code="e">Purchase</subfield>
    <subfield code="g">2250.00</subfield>
    <subfield code="l">3</subfield>
    <subfield code="m">4</subfield>
    <subfield code="o">340.11 MET</subfield>
    <subfield code="p">000044371</subfield>
    <subfield code="q">2024-04-11</subfield>
    <subfield code="r">2024-02-14 00:00:00</subfield>
    <subfield code="s">2024-02-14</subfield>
    <subfield code="v">2812.50</subfield>
    <subfield code="y">BB</subfield>
  </datafield>
</record>
